[Event "Hamburger SK IV - Hamburger SK V"]
[Site "Landesliga Hamburg 2022/23"]
[Date "2022.10.23"]
[Round "1.2"]
[White "Groetzbach, Daniel"]
[Black "Fuhrmann, Bahne"]
[Result "0-1"]
[WhiteElo "2109"]
[BlackElo "2063"]
[PlyCount "58"]

1. e4 e5 2. Nf3 Nc6 3. Bb5 a6 4. Ba4 Nf6 5. d3 Bc5 6. c3 d6 7. h3 b5 8. Bc2 h6
9. O-O g5 10. d4 Bb6 11. dxe5 Nxe5 12. Nd4 g4 13. hxg4 Bxg4 14. f3 Bh5 15. a4
Nh7 16. axb5 Ng5 17. Qe2 Ngxf3+ 18. Rxf3 Nxf3+ 19. gxf3 Qh4 20. Qf2 Rg8+ 21.
Kf1 Qh1+ 22. Ke2 Rg2 23. Nd2 Qg1 24. Qxg2 Qxg2+ 25. Kd3 Bxd4 26. cxd4 Bxf3 27.
Kc3 Be2 28. Bd3 Qh3 29. Kb4 a5+ 0-1

[Event "Hamburger SK IV - Hamburger SK V"]
[Site "Landesliga Hamburg 2022/23"]
[Date "2022.10.23"]
[Round "1.4"]
[White "Jantzen, Hans-Joerg"]
[Black "Krueger, Arthur"]
[Result "1/2-1/2"]
[WhiteElo "2180"]
[BlackElo "1941"]
[PlyCount "175"]

1. d4 d5 2. Bf4 Nf6 3. e3 e6 4. c3 Bd6 5. Bg3 O-O 6. Nf3 b6 7. Nbd2 Ba6 8. Bxa6
Nxa6 9. Bh4 c5 10. Ne5 Nb8 11. f4 Be7 12. Bxf6 gxf6 13. Ng4 Kh8 14. O-O f5 15.
Nh6 Bd6 16. Qh5 Qf6 17. Rf3 Nc6 18. Raf1 Rac8 19. Rh3 Qg6 20. Qd1 cxd4 21. exd4
Qf6 22. Qh5 Qg6 23. Qh4 Be7 24. Qe1 Bf6 25. Nf3 b5 26. Ne5 Nxe5 27. dxe5 Bg7
28. Rff3 f6 29. Rfg3 Qe8 30. Rxg7 Kxg7 31. Qh4 Kh8 32. exf6 Rc7 33. f7 Rcxf7
34. Nxf7+ Qxf7 35. Re3 Rg8 36. Qe1 Rg6 37. Qd2 a6 38. Kf1 Qc7 39. Qd4+ Kg8 40.
b3 Kf7 41. g3 Rg7 42. Ke1 Rg8 43. Kd1 Rc8 44. Ke1 Qc5 45. Qxc5 Rxc5 46. Kd2 Ke7
47. Kd3 Kd6 48. Re2 Rc7 49. Kd4 h5 50. a3 h4 51. gxh4 Rh7 52. Rf2 Rxh4 53. Kd3
Rh3+ 54. Kc2 e5 55. fxe5+ Kxe5 56. Kd2 f4 57. Re2+ Kf5 58. Kc2 f3 59. Re8 Rxh2+
60. Kd3 Ra2 61. Rf8+ Kg4 62. Ke3 Re2+ 63. Kd3 Kg3 64. Rf6 Kg2 65. Rxa6 Kf1 66.
c4 f2 67. cxb5 Ke1 68. Rf6 f1=Q 69. Rxf1+ Kxf1 70. a4 Kf2 71. Kd4 Rd2+ 72. Kc5
d4 73. b6 d3 74. Kd4 Rb2 75. Kxd3 Rxb3+ 76. Kc4 Rxb6 77. a5 Rb1 78. Kc5 Ke3 79.
a6 Ra1 80. Kb6 Kd4 81. a7 Kd5 82. Kb7 Rb1+ 83. Kc7 Ra1 84. Kb7 Rb1+ 85. Kc7 Ra1
86. Kb7 Kd6 87. a8=Q Rxa8 88. Kxa8 1/2-1/2

[Event "Hamburger SK IV - Hamburger SK V"]
[Site "Landesliga Hamburg 2022/23"]
[Date "2022.10.23"]
[Round "1.5"]
[White "Avdic, Faris"]
[Black "Meier, David Geffrey"]
[Result "1-0"]
[WhiteElo "1991"]
[BlackElo "2096"]
[PlyCount "39"]

1. d4 f5 2. Bg5 g6 3. Nc3 Bg7 4. Nf3 Nf6 5. e3 d6 6. Bc4 Nc6 7. Qe2 a6 8. O-O-O
b5 9. Ne5 Nxe5 10. dxe5 Ng4 11. exd6 cxd6 12. Bd5 Rb8 13. Bc6+ Bd7 14. Rxd6
Bxc6 15. Rxd8+ Rxd8 16. e4 Rd7 17. exf5 gxf5 18. Qe6 Bxg2 19. Rd1 Rxd1+ 20.
Nxd1 1-0

[Event "Hamburger SK IV - Hamburger SK V"]
[Site "Landesliga Hamburg 2022/23"]
[Date "2022.10.23"]
[Round "1.6"]
[White "Posske, Thore"]
[Black "Fuhrmann, Aake"]
[Result "0-1"]
[WhiteElo "2004"]
[BlackElo "1939"]
[PlyCount "76"]

1. d4 Nf6 2. Nf3 g6 3. c4 Bg7 4. Nc3 O-O 5. e4 d6 6. Be2 e5 7. O-O Nc6 8. d5
Ne7 9. b4 Ne8 10. c5 f5 11. Ng5 Nf6 12. cxd6 cxd6 13. Ba3 h6 14. Ne6 Bxe6 15.
dxe6 Nxe4 16. Nxe4 fxe4 17. b5 Nf5 18. Qd5 Qe7 19. Qxe4 Kh7 20. Bc4 Nd4 21.
Rad1 Rad8 22. Qd5 Rf6 23. Qxe5 Rf3 24. Qe4 Rxa3 25. Rxd4 Bxd4 26. Qxd4 d5 27.
Bxd5 Qxe6 28. Qc5 Qd6 29. Qxd6 Rxd6 30. Bxb7 Rxa2 31. g3 Rad2 32. Bf3 Rb2 33.
Ra1 Rd7 34. Bc6 Rf7 35. Rf1 Kg7 36. h4 Kf8 37. Kg2 Rf6 38. Kg1 a6 0-1

[Event "Hamburger SK IV - Hamburger SK V"]
[Site "Landesliga Hamburg 2022/23"]
[Date "2022.10.23"]
[Round "1.7"]
[White "Foo, Tzun Hong"]
[Black "Atri, Jamshid"]
[Result "1-0"]
[WhiteElo "1923"]
[BlackElo "1963"]
[PlyCount "71"]

1. e4 e5 2. Nf3 Nc6 3. Bb5 a6 4. Ba4 d6 5. O-O Bd7 6. c3 Nf6 7. Re1 Be7 8. d3
O-O 9. Nbd2 Re8 10. Nf1 h6 11. Ng3 Bf8 12. Bc2 Ne7 13. Nh4 g5 14. Nhf5 Ng6 15.
Nh5 Nf4 16. Nxf4 exf4 17. g3 fxg3 18. hxg3 Qc8 19. d4 d5 20. Nxh6+ Bxh6 21. e5
Ne4 22. Qh5 Kg7 23. Rxe4 dxe4 24. Bxg5 Bxg5 25. Qxg5+ Kf8 26. Qh6+ Kg8 27. Qg5+
Kf8 28. Bxe4 Qd8 29. Qh6+ Ke7 30. d5 Rf8 31. Re1 a5 32. d6+ Ke8 33. Bd5 c6 34.
e6 Bxe6 35. Bxe6 Qxd6 36. Bc8+ 1-0

[Event "Hamburger SK IV - Hamburger SK V"]
[Site "Landesliga Hamburg 2022/23"]
[Date "2022.10.23"]
[Round "1.8"]
[White "Salenko, Vadim"]
[Black "Lu, Yunong Elias"]
[Result "1-0"]
[WhiteElo "2004"]
[BlackElo "1683"]
[PlyCount "123"]

1. d4 d5 2. e3 Nf6 3. Bd3 c5 4. c3 cxd4 5. exd4 g6 6. Nd2 Bg7 7. f4 Bf5 8. Qc2
e6 9. Ngf3 Nc6 10. O-O Rc8 11. Bxf5 exf5 12. Qb3 Rc7 13. Ne5 O-O 14. Ndf3 Nxe5
15. dxe5 Ne4 16. Be3 b6 17. Rfd1 Rd7 18. Qb5 Qc7 19. Rxd5 Rxd5 20. Qxd5 Rd8 21.
Qb3 Nc5 22. Qc4 Qb7 23. Re1 Ne6 24. Nd4 Rc8 25. Qb3 Nc5 26. Qd1 Rd8 27. Qf3 Qa6
28. Nc6 Re8 29. Bxc5 bxc5 30. Qd5 Qb6 31. b3 c4+ 32. Nd4 cxb3 33. axb3 h5 34.
Kh1 Qc7 35. Nb5 Qe7 36. Nd6 Rd8 37. c4 Bf8 38. c5 Kg7 39. b4 Qc7 40. b5 Bxd6
41. exd6 Qa5 42. Qe5+ Kh7 43. Qe7 Rd7 44. Qe2 a6 45. Rd1 Qb4 46. Qe8 Qxb5 47.
Qxd7 Qxd7 48. c6 Qxc6 49. d7 Qc7 50. d8=Q Qxf4 51. Qf6 Qc4 52. Qd4 Qb3 53. Ra1
Qe6 54. Qa4 Qd5 55. Qxa6 Qd4 56. Qa7 Qc4 57. Qe7 Qb3 58. h3 Qc4 59. Qe5 Qb3 60.
Ra8 Qd1+ 61. Kh2 Kh6 62. h4 1-0

[Event "SC Diogenes II - SV Großhansdorf"]
[Site "Landesliga Hamburg 2022/23"]
[Date "2022.10.23"]
[Round "1.9"]
[White "Wahls, Matthias"]
[Black "Apitzsch, Leon Fabian"]
[Result "1-0"]
[WhiteElo "2543"]
[BlackElo "1991"]
[PlyCount "71"]

1. d4 d5 2. c4 c6 3. Nf3 Nf6 4. Nc3 dxc4 5. a4 Bf5 6. Ne5 e6 7. f3 Bb4 8. Nxc4
O-O 9. Kf2 c5 10. Na2 Nc6 11. Nxb4 Nxb4 12. e4 Nxe4+ 13. fxe4 Qh4+ 14. Kg1 Qxe4
15. Nd6 Qd5 16. Nxf5 exf5 17. b3 Nc2 18. Ra2 Qxd4+ 19. Qxd4 Nxd4 20. Bc4 Rfe8
21. Kf2 Re4 22. Rd1 Rae8 23. Rad2 Rf4+ 24. Kg1 a6 25. a5 Rfe4 26. Bb2 Re1+ 27.
Rxe1 Rxe1+ 28. Kf2 Re4 29. Bd5 Re5 30. Bxb7 Kf8 31. b4 cxb4 32. Rxd4 Rxa5 33.
Rxb4 f6 34. Rb6 Rb5 35. Rxb5 axb5 36. Bc8 1-0

[Event "SC Diogenes II - SV Großhansdorf"]
[Site "Landesliga Hamburg 2022/23"]
[Date "2022.10.23"]
[Round "1.10"]
[White "Rieling, Thomas"]
[Black "Paul, Anatolij"]
[Result "1-0"]
[WhiteElo "2058"]
[BlackElo "2067"]
[PlyCount "67"]

1. e4 c6 2. d4 d5 3. exd5 cxd5 4. Bd3 Nc6 5. c3 Qc7 6. h3 Nf6 7. Nf3 g6 8. O-O
Bf5 9. Re1 Bxd3 10. Qxd3 Bg7 11. Nbd2 O-O 12. Ne5 e6 13. Ndf3 Nd7 14. Bf4 Ndxe5
15. Nxe5 Nxe5 16. Bxe5 Bxe5 17. Rxe5 Rfc8 18. Qe3 b5 19. Re1 a5 20. Qh6 Qd8 21.
R1e3 Qf8 22. Qh4 b4 23. f4 bxc3 24. bxc3 Qd8 25. Qf2 Qf8 26. f5 exf5 27. Qf3
Rab8 28. Qxd5 a4 29. c4 Rd8 30. Qc6 a3 31. c5 Rbc8 32. Qa4 Ra8 33. Qc4 Rab8 34.
Rxa3 1-0

[Event "SC Diogenes II - SV Großhansdorf"]
[Site "Landesliga Hamburg 2022/23"]
[Date "2022.10.23"]
[Round "1.11"]
[White "Kuhn, Gerd"]
[Black "Hohlfeld, Wolfgang"]
[Result "1/2-1/2"]
[WhiteElo "2031"]
[BlackElo "2042"]
[PlyCount "31"]

1. d4 d5 2. Nf3 Nf6 3. Bf4 Bf5 4. e3 e6 5. Bd3 Bxd3 6. cxd3 Bd6 7. Ne5 O-O 8.
Bg5 h6 9. Bh4 c5 10. O-O cxd4 11. exd4 Be7 12. Nd2 Nfd7 13. Bxe7 Qxe7 14. Nb3
Nxe5 15. dxe5 Nc6 16. d4 1/2-1/2

[Event "SC Diogenes II - SV Großhansdorf"]
[Site "Landesliga Hamburg 2022/23"]
[Date "2022.10.23"]
[Round "1.12"]
[White "Hein, Ralf"]
[Black "Spindel, Ulrich"]
[Result "0-1"]
[WhiteElo "2047"]
[BlackElo "2082"]
[PlyCount "69"]

1. c4 e6 2. Nc3 Nf6 3. e4 Nc6 4. d4 d6 5. d5 exd5 6. exd5 Ne5 7. h3 Be7 8. Nf3
O-O 9. Nxe5 dxe5 10. Be3 Nd7 11. Be2 f5 12. O-O Bd6 13. a3 Qh4 14. f3 Rf6 15.
Qe1 Qh5 16. f4 Qe8 17. Nb5 exf4 18. Bxf4 Bxf4 19. Rxf4 Qe5 20. Qd2 a6 21. Nd4
Nc5 22. Re1 Ne4 23. Qe3 g5 24. Rff1 f4 25. Qd3 Nc5 26. Qd1 Qe3+ 27. Kh1 Ne4 28.
Kh2 Nf2 29. Rxf2 Qxf2 30. Ne6 Bxe6 31. dxe6 Rxe6 32. c5 Kf8 33. Qd3 Rae8 34.
Rf1 Qxe2 35. Qf5+ 0-1

[Event "SC Diogenes II - SV Großhansdorf"]
[Site "Landesliga Hamburg 2022/23"]
[Date "2022.10.23"]
[Round "1.13"]
[White "Varain, Ernst-Helmuth"]
[Black "Kalla, Christian"]
[Result "1/2-1/2"]
[WhiteElo "2065"]
[BlackElo "1977"]
[PlyCount "35"]

1. e4 c5 2. Nf3 Nc6 3. d4 cxd4 4. Nxd4 Nf6 5. Nc3 e5 6. Ndb5 d6 7. Bg5 a6 8.
Na3 b5 9. Nd5 Be7 10. Bxf6 Bxf6 11. c3 Bg5 12. Nc2 Rb8 13. Be2 O-O 14. O-O f5
15. exf5 Bxf5 16. g4 Bxc2 17. Qxc2 Ne7 18. Rad1 1/2-1/2

[Event "SC Diogenes II - SV Großhansdorf"]
[Site "Landesliga Hamburg 2022/23"]
[Date "2022.10.23"]
[Round "1.14"]
[White "Buchholz, Robert"]
[Black "Felten, Joachim"]
[Result "1/2-1/2"]
[WhiteElo "1998"]
[BlackElo "2078"]
[PlyCount "30"]

1. d4 d5 2. c4 dxc4 3. Nf3 a6 4. a4 Nc6 5. Nc3 Na5 6. e4 Nf6 7. Be3 Bg4 8. Be2
e6 9. Ne5 Bxe2 10. Qxe2 Bb4 11. f3 c5 12. dxc5 Qc7 13. Nxc4 Bxc5 14. Nxa5 Qxa5
15. O-O O-O 1/2-1/2

[Event "SC Diogenes II - SV Großhansdorf"]
[Site "Landesliga Hamburg 2022/23"]
[Date "2022.10.23"]
[Round "1.16"]
[White "Zehic, Semir"]
[Black "Kemeny, Matthias"]
[Result "1-0"]
[WhiteElo "1705"]
[BlackElo "1965"]
[PlyCount "97"]

1. e4 c6 2. d4 d5 3. e5 Bf5 4. Bd3 Bxd3 5. Qxd3 e6 6. c3 Nd7 7. Ne2 Ne7 8. Nd2
c5 9. O-O Nc6 10. f4 g6 11. Kh1 Bg7 12. Nf3 Qb6 13. Ng5 Ne7 14. g4 h6 15. f5
gxf5 16. Nxf7 Kxf7 17. gxf5 Nxf5 18. Ng3 Ke8 19. Nxf5 exf5 20. Qxf5 Rf8 21.
Qh5+ Kd8 22. Rg1 Bh8 23. Bxh6 Re8 24. Rg6 Qxb2 25. Rf1 Qc2 26. Rd6 Qe4+ 27. Qf3
Kc7 28. Qxe4 dxe4 29. Rf7 Rad8 30. Bg5 e3 31. Bxd8+ Rxd8 32. Kg2 Kc8 33. e6 Nf6
34. Rxd8+ Kxd8 35. Rf8+ Ke7 36. Rxh8 cxd4 37. cxd4 Kxe6 38. Kf3 e2 39. Kxe2 Kd5
40. Kd3 a6 41. h4 Ke6 42. Rb8 Kf5 43. Rxb7 Kg4 44. Kc4 Kxh4 45. Rb6 Kg5 46.
Rxa6 Ne4 47. d5 Kf5 48. Re6 Ng5 49. Re1 1-0

[Event "TV Fischbek - FC St. Pauli III"]
[Site "Landesliga Hamburg 2022/23"]
[Date "2022.10.23"]
[Round "1.18"]
[White "de Voogt, Juergen"]
[Black "zur Lage, Julian"]
[Result "1-0"]
[WhiteElo "2245"]
[BlackElo "2137"]
[PlyCount "43"]

1. e4 c5 2. Nc3 Nc6 3. g3 g6 4. Bg2 Bg7 5. d3 d6 6. Nge2 Rb8 7. f4 e6 8. O-O
Nge7 9. Be3 Nd4 10. Qd2 Bd7 11. Rae1 Nec6 12. g4 h5 13. g5 Qa5 14. Nc1 Qb4 15.
Nb3 O-O 16. Qf2 Nxb3 17. axb3 Bd4 18. e5 dxe5 19. Ne4 Bxe3 20. Rxe3 exf4 21.
Nf6+ Kg7 22. Re4 1-0

[Event "TV Fischbek - FC St. Pauli III"]
[Site "Landesliga Hamburg 2022/23"]
[Date "2022.10.23"]
[Round "1.19"]
[White "Wronn, Bernd"]
[Black "Kneip, Jakob"]
[Result "1/2-1/2"]
[WhiteElo "2139"]
[BlackElo "2120"]
[PlyCount "92"]

1. Nf3 d5 2. g3 Nf6 3. Bg2 e6 4. d4 b5 5. O-O Be7 6. a4 c6 7. Ne5 a5 8. axb5
cxb5 9. c4 bxc4 10. Nxc4 O-O 11. Ne5 Bd7 12. Nc3 Nc6 13. e4 dxe4 14. Nxe4 Nd5
15. Nxd7 Qxd7 16. Qa4 Rfd8 17. Rd1 Rab8 18. Nc5 Qc8 19. Nd3 Bf6 20. Bd2 Nxd4
21. Bxa5 Ra8 22. Nb4 Rxa5 23. Qxa5 Nxb4 24. Qxb4 Nc2 25. Qb5 Nxa1 26. Rxa1 Qb8
27. Bb7 Qe5 28. Qxe5 Bxe5 29. Ra8 Rxa8 30. Bxa8 Bxb2 31. f4 Bc1 32. Kg2 g5 33.
Kf3 Kg7 34. Bc6 Bd2 35. h3 h5 36. fxg5 Bxg5 37. Be8 h4 38. g4 Kf6 39. Ke4 Bc1
40. Bb5 Ke7 41. Ba4 Kd6 42. Be8 f6 43. Ba4 Kc5 44. Bb3 Kd6 45. Ba4 Kc5 46. Bb3
Kd6 1/2-1/2

[Event "TV Fischbek - FC St. Pauli III"]
[Site "Landesliga Hamburg 2022/23"]
[Date "2022.10.23"]
[Round "1.20"]
[White "Brandt, Carina"]
[Black "Grote, Dirk"]
[Result "0-1"]
[WhiteElo "2041"]
[BlackElo "2063"]
[PlyCount "74"]

1. e4 c6 2. d4 d5 3. Nd2 dxe4 4. Nxe4 Bf5 5. Ng3 Bg6 6. h4 h6 7. Nf3 Nd7 8. h5
Bh7 9. Bd3 Bxd3 10. Qxd3 e6 11. Bd2 Ngf6 12. O-O-O Be7 13. Kb1 O-O 14. Ne4 c5
15. Bc1 Qb6 16. g4 Nxg4 17. Rdg1 f5 18. Rxg4 fxg4 19. Ne5 Nxe5 20. dxe5 Qc7 21.
Qg3 Kh8 22. Rg1 Rf7 23. b3 c4 24. Bb2 cxb3 25. axb3 Rc8 26. c4 Qd7 27. Nc3 Qd2
28. Qxg4 Qxf2 29. Nd5 Bg5 30. Bd4 Qf5+ 31. Qxf5 Rxf5 32. Nc3 a6 33. Ne4 Rf3 34.
Kc2 Be3 35. Bxe3 Rxe3 36. Nd6 Rf8 37. Rg2 b6 0-1

[Event "TV Fischbek - FC St. Pauli III"]
[Site "Landesliga Hamburg 2022/23"]
[Date "2022.10.23"]
[Round "1.21"]
[White "Thieme, Daniel Otis"]
[Black "Rolf, Marco"]
[Result "0-1"]
[WhiteElo "2007"]
[BlackElo "2090"]
[PlyCount "88"]

1. d4 d5 2. c4 c6 3. Nf3 Nf6 4. e3 e6 5. Bd3 Nbd7 6. b3 Bd6 7. Bb2 O-O 8. O-O
Ne4 9. Qc2 f5 10. Nfd2 Qh4 11. f4 g5 12. Nf3 Qh5 13. Bxe4 fxe4 14. Nxg5 Nf6 15.
Qd1 Qg6 16. Kh1 Kh8 17. Nc3 Rg8 18. Qe2 Bd7 19. Rg1 Rg7 20. Na4 h6 21. Nh3 Rag8
22. Nf2 Qf5 23. Rac1 Be8 24. Rcf1 Bh5 25. Qe1 Rxg2 26. Rxg2 Rxg2 27. Kxg2 Bf3+
28. Kg1 Qg6+ 29. Ng4 Nxg4 30. Qg3 Be7 31. f5 exf5 32. h3 Bd6 33. Rxf3 Bxg3 34.
Rxg3 Qd6 35. Kg2 Nxe3+ 36. Rxe3 f4 37. Re1 f3+ 38. Kf2 Qh2+ 39. Ke3 b5 40. cxb5
cxb5 41. Nc3 Qxb2 42. Nxd5 Qc2 43. Rg1 Qd3+ 44. Kf4 f2 0-1

[Event "TV Fischbek - FC St. Pauli III"]
[Site "Landesliga Hamburg 2022/23"]
[Date "2022.10.23"]
[Round "1.22"]
[White "Schneider, Alexander"]
[Black "Mueller, Frank"]
[Result "1/2-1/2"]
[WhiteElo "2081"]
[BlackElo "2079"]
[PlyCount "62"]

1. e4 Nc6 2. Nf3 d5 3. exd5 Qxd5 4. Nc3 Qa5 5. Bb5 Bd7 6. O-O a6 7. b4 Qxb4 8.
Rb1 Qc5 9. Be2 O-O-O 10. Bb2 Nf6 11. d4 Qf5 12. d5 Nb8 13. Qd4 b6 14. Nh4 e5
15. Bxa6+ Nxa6 16. Qc4 Qg4 17. Qxa6+ Kb8 18. Nf3 Bc8 19. Qb5 Bd6 20. h4 Bd7 21.
Qb3 Rhe8 22. Ba3 Bxa3 23. Qxa3 Qc4 24. d6 Nd5 25. dxc7+ Kxc7 26. Nxd5+ Qxd5 27.
Rb3 Bc6 28. Qb4 Qa5 29. Qc4 Qd5 30. Qb4 Qa5 31. Qc4 Qd5 1/2-1/2

[Event "TV Fischbek - FC St. Pauli III"]
[Site "Landesliga Hamburg 2022/23"]
[Date "2022.10.23"]
[Round "1.23"]
[White "David, Torsten"]
[Black "Peters, Thomas"]
[Result "1/2-1/2"]
[WhiteElo "2060"]
[BlackElo "1870"]
[PlyCount "29"]

1. e4 d5 2. exd5 Qxd5 3. Nc3 Qd6 4. d4 Nf6 5. Nf3 a6 6. g3 Bg4 7. Bg2 Nc6 8.
Be3 O-O-O 9. O-O e5 10. dxe5 Nxe5 11. Qxd6 Bxd6 12. Nxe5 Bxe5 13. f4 Bd4 14.
Bxd4 Rxd4 15. h3 1/2-1/2

[Event "TV Fischbek - FC St. Pauli III"]
[Site "Landesliga Hamburg 2022/23"]
[Date "2022.10.23"]
[Round "1.24"]
[White "Reichhardt, Philip"]
[Black "Knecht, Guntram"]
[Result "0-1"]
[WhiteElo "1969"]
[BlackElo "2035"]
[PlyCount "60"]

1. d4 f5 2. c4 Nf6 3. Nc3 g6 4. b3 Bg7 5. Bb2 d6 6. Nf3 O-O 7. g3 Qe8 8. Bg2
Na6 9. O-O e5 10. dxe5 dxe5 11. e4 fxe4 12. Ng5 Bg4 13. Qb1 Bf5 14. Ngxe4 Nc5
15. b4 Ne6 16. Nxf6+ Bxf6 17. Ne4 Bg7 18. Qc1 Nd4 19. Re1 Rd8 20. Nc5 b6 21.
Ne4 Qf7 22. Ng5 Qe7 23. f4 Nc2 24. Bd5+ Rxd5 25. cxd5 Qxb4 26. Rxe5 Qc5+ 27.
Kg2 Bxe5 28. Bxe5 Qxd5+ 29. Kg1 Nxa1 30. Qxa1 Rd8 0-1

[Event "SK Johanneum Eppendorf II - SK Weisse Dame"]
[Site "Landesliga Hamburg 2022/23"]
[Date "2022.10.23"]
[Round "1.25"]
[White "Popist, Florian"]
[Black "Wenzel, Birger"]
[Result "0-1"]
[WhiteElo "2187"]
[BlackElo "1953"]
[PlyCount "120"]

1. e4 d5 2. exd5 Qxd5 3. Nf3 Bg4 4. Be2 Nc6 5. h3 Bh5 6. d4 e5 7. dxe5 Bxf3 8.
Bxf3 Qxd1+ 9. Bxd1 Nxe5 10. Nd2 O-O-O 11. Nf3 Bb4+ 12. Ke2 Nxf3 13. Kxf3 Bd2
14. Bxd2 Rxd2 15. Ke3 Rd8 16. Bg4+ Kb8 17. Rad1 Nf6 18. Bf3 g5 19. Rxd8+ Rxd8
20. Rd1 Re8+ 21. Kd4 c6 22. Rd2 Rd8+ 23. Kc3 Rxd2 24. Kxd2 Kc7 25. b4 Kd6 26.
g3 b6 27. Kd3 c5 28. a3 Nd7 29. Ke4 cxb4 30. axb4 a5 31. bxa5 bxa5 32. Kd4 f5
33. Bh5 Nf6 34. Bf7 Ne4 35. f4 gxf4 36. gxf4 a4 37. Kc4 Nf2 38. Kb5 a3 39. Ba2
Nxh3 40. c4 Nxf4 41. c5+ Kc7 42. Kb4 Nd3+ 43. Kxa3 Nxc5 44. Kb4 Kd6 45. Kc4 Ne6
46. Kd3 Ke5 47. Ke3 h5 48. Kf3 h4 49. Bb1 Ng5+ 50. Ke3 h3 51. Kf2 Ne4+ 52. Kg1
f4 53. Bd3 Kd4 54. Bf1 Ng5 55. Kf2 Ke4 56. Ba6 f3 57. Bc8 Kf4 58. Bb7 Ne4+ 59.
Kg1 f2+ 60. Kf1 h2 0-1

[Event "SK Johanneum Eppendorf II - SK Weisse Dame"]
[Site "Landesliga Hamburg 2022/23"]
[Date "2022.10.23"]
[Round "1.27"]
[White "Lansky, Georg"]
[Black "Seidel, Mika"]
[Result "1-0"]
[WhiteElo "2037"]
[BlackElo "1966"]
[PlyCount "71"]

1. e4 c5 2. Nf3 e6 3. d4 cxd4 4. Nxd4 a6 5. c4 Qc7 6. Nc3 Nf6 7. a3 Nc6 8. Nxc6
dxc6 9. Be3 b6 10. Bd3 Bb7 11. O-O c5 12. f4 h5 13. e5 Ng4 14. Qe2 O-O-O 15.
Be4 f5 16. Bxb7+ Kxb7 17. Rfd1 Nxe3 18. Qxe3 Be7 19. Rxd8 Rxd8 20. Rd1 Rxd1+
21. Nxd1 Qd8 22. Nf2 h4 23. Nd3 g5 24. Kf2 Kc7 25. Ke2 Kc6 26. b4 gxf4 27. Nxf4
Bg5 28. Nxe6 Qd1+ 29. Kxd1 Bxe3 30. bxc5 Kd7 31. Nf8+ Ke8 32. c6 Kd8 33. Ne6+
Ke7 34. Ng7 Bf4 35. Nxf5+ Ke6 36. Nd6 1-0

[Event "SK Johanneum Eppendorf II - SK Weisse Dame"]
[Site "Landesliga Hamburg 2022/23"]
[Date "2022.10.23"]
[Round "1.28"]
[White "Dumjahn, Carsten"]
[Black "Schiele, Lars"]
[Result "1/2-1/2"]
[WhiteElo "2009"]
[BlackElo "2072"]
[PlyCount "129"]

1. d4 Nf6 2. Nf3 e6 3. g3 b5 4. Bg2 Bb7 5. O-O c5 6. Bg5 Be7 7. dxc5 Bxc5 8.
Qd3 a6 9. Nbd2 h6 10. Bxf6 Qxf6 11. Ne4 Bxe4 12. Qxe4 d5 13. Qe5 Nd7 14. Qxf6
Nxf6 15. a4 b4 16. a5 O-O 17. c4 bxc3 18. bxc3 Rab8 19. Rab1 Ne4 20. Rbc1 Ba3
21. Rc2 Rfc8 22. Ra1 Bb2 23. Rb1 Ba3 24. Rb6 Bc5 25. Rxb8 Bxf2+ 26. Kf1 Rxb8
27. Nd2 Nxd2+ 28. Kxf2 Nc4 29. e4 Rb5 30. exd5 exd5 31. Ra2 Kf8 32. Bf1 Rc5 33.
Ra4 Rxa5 34. Rxa5 Nxa5 35. Bxa6 Ke7 36. Ke3 Kd6 37. Bd3 Ke5 38. Bc2 f5 39. Bd3
g5 40. Be2 Nb3 41. Bb5 Nc5 42. Be2 Ne4 43. Kd3 f4 44. gxf4+ gxf4 45. Bf3 Nd6
46. Bg4 Nc4 47. Bf3 Ne3 48. Be2 Kd6 49. Kd4 Nf5+ 50. Kd3 Kc5 51. Bg4 Nd6 52.
Bf3 Nf7 53. Be2 Ne5+ 54. Kd2 f3 55. Ba6 Ng4 56. h3 Nf2 57. Ke3 Nxh3 58. Kxf3
Ng5+ 59. Kg4 Ne4 60. Kh5 Nxc3 61. Kxh6 Nb5 62. Kg5 Nd6 63. Bf1 Kd4 64. Kf4 Kc3
65. Ke5 1/2-1/2

[Event "SK Johanneum Eppendorf II - SK Weisse Dame"]
[Site "Landesliga Hamburg 2022/23"]
[Date "2022.10.23"]
[Round "1.29"]
[White "Ludwig, Jan"]
[Black "Spaet, Alexander"]
[Result "1-0"]
[WhiteElo "2049"]
[BlackElo "2007"]
[PlyCount "83"]

1. e4 e6 2. d4 d5 3. e5 c5 4. Qg4 cxd4 5. Nf3 Nc6 6. Bd3 Nge7 7. O-O Bd7 8. a3
Ng6 9. Re1 Qc7 10. Qg3 f5 11. h4 O-O-O 12. b4 a6 13. h5 f4 14. Bxf4 Nxf4 15.
Qxf4 Be7 16. Nbd2 Rdf8 17. Qg4 g5 18. hxg6 hxg6 19. g3 Rh5 20. Bxg6 Rh6 21. Bd3
Be8 22. Qg7 Rhh8 23. Qg4 Rh6 24. Kg2 Bh5 25. Qg7 Rhh8 26. Rh1 Rfg8 27. Qxg8+
Rxg8 28. Rxh5 Rg7 29. Nb3 Kd7 30. Rd1 Rf7 31. Nbxd4 Nxd4 32. Nxd4 Bf8 33. f4
Ke7 34. Nf3 Qc3 35. Rdh1 d4 36. Rh7 Qc6 37. Kf2 Rg7 38. Ng5 Qc3 39. Rxg7+ Bxg7
40. Rh7 Qd2+ 41. Kf3 Qd1+ 42. Kg2 1-0

[Event "SK Johanneum Eppendorf II - SK Weisse Dame"]
[Site "Landesliga Hamburg 2022/23"]
[Date "2022.10.23"]
[Round "1.30"]
[White "Schmidt, Armin"]
[Black "Kuhle, Sebastian"]
[Result "1/2-1/2"]
[WhiteElo "1957"]
[BlackElo "2059"]
[PlyCount "37"]

1. Nf3 Nf6 2. c4 e6 3. g3 b6 4. Bg2 Bb7 5. O-O c5 6. Nc3 Be7 7. d4 cxd4 8. Nxd4
Bxg2 9. Kxg2 a6 10. e4 Qc7 11. Qe2 d6 12. Be3 Nbd7 13. Rac1 O-O 14. Rfd1 Rac8
15. b3 Rfd8 16. f3 Nf8 17. Qf2 Qb7 18. Rc2 Ng6 19. h4 1/2-1/2

[Event "SK Johanneum Eppendorf II - SK Weisse Dame"]
[Site "Landesliga Hamburg 2022/23"]
[Date "2022.10.23"]
[Round "1.31"]
[White "Purniel Umpierre, Christian"]
[Black "Markovic, Daniel"]
[Result "0-1"]
[WhiteElo "2002"]
[BlackElo "1928"]
[PlyCount "62"]

1. e4 c5 2. d3 Nc6 3. Be2 e6 4. f4 d5 5. Nf3 dxe4 6. dxe4 Qxd1+ 7. Bxd1 Nf6 8.
Nc3 Be7 9. O-O O-O 10. e5 Nd5 11. Ne4 b6 12. c4 Ndb4 13. Be3 Na5 14. b3 Bb7 15.
Nf2 Rad8 16. Ne1 Rd7 17. Nc2 Rxd1 18. Raxd1 Nxc2 19. Bc1 Nd4 20. Rfe1 Rd8 21.
Kf1 Kf8 22. Bb2 Nac6 23. Rd2 Ke8 24. Bc3 a6 25. Red1 Nf5 26. Rd3 h5 27. Rxd8+
Bxd8 28. Rd3 Ncd4 29. g4 hxg4 30. Nxg4 Bf3 31. h3 Be2+ 0-1

[Event "SK Johanneum Eppendorf II - SK Weisse Dame"]
[Site "Landesliga Hamburg 2022/23"]
[Date "2022.10.23"]
[Round "1.32"]
[White "Topalov, Mihail"]
[Black "Kielhorn, Sebastian"]
[Result "1/2-1/2"]
[WhiteElo "1935"]
[BlackElo "1959"]
[PlyCount "190"]

1. e4 e5 2. Nf3 Nc6 3. Bb5 a6 4. Ba4 Nf6 5. O-O b5 6. Bb3 Be7 7. d3 O-O 8. Re1
d6 9. c3 Na5 10. Bc2 c5 11. Nbd2 Nc6 12. Nf1 Re8 13. a4 Bd7 14. Ng3 Qc7 15. Bg5
b4 16. Nh4 h6 17. Bxf6 Bxf6 18. Nhf5 Ne7 19. Qf3 Nxf5 20. Nxf5 Bxf5 21. Qxf5
Rab8 22. cxb4 Rxb4 23. b3 Bg5 24. Re2 g6 25. Qf3 Rf8 26. g3 h5 27. Rf1 Qc8 28.
Qg2 Bf6 29. Kh1 h4 30. h3 Kg7 31. g4 Bg5 32. f3 Qe6 33. Rb1 Rfb8 34. Qf1 Bf4
35. Qd1 Qf6 36. Qf1 Qg5 37. Qf2 Rg8 38. Rf1 Kh7 39. Rb1 Rgb8 40. Kg2 Bg3 41.
Qf1 Rf8 42. Kh1 Rd4 43. Qg2 Kh6 44. Rf1 Rg8 45. Rb1 Qf4 46. Qf1 Rf8 47. Qc1
Qxc1+ 48. Rxc1 Kg5 49. Kg2 Bf4 50. Rb1 a5 51. Rf1 Rb4 52. Rb1 Rb7 53. Rf1 f6
54. Rb1 Rbf7 55. Rf1 Rg7 56. Rb1 f5 57. Rf1 fxg4 58. fxg4 Rb7 59. Ref2 Rfb8 60.
Rb1 Kf6 61. Kf1 Ke6 62. Ke2 g5 63. Rf3 d5 64. Rff1 Kd6 65. Rfd1 Rb4 66. Rf1 Rd4
67. Rfd1 Rbb4 68. Kf3 Rb6 69. Ke2 Rc6 70. Ra1 c4 71. exd5 cxd3+ 72. Bxd3 Rc3
73. Rab1 e4 74. Bc4 Rxd1 75. Rxd1 Rxh3 76. Rd4 Rh2+ 77. Ke1 Ke5 78. Rd1 Bg3+
79. Kf1 Rh1+ 80. Ke2 Rxd1 81. Kxd1 h3 82. Bf1 h2 83. Bg2 Kxd5 84. Kd2 Kd4 85.
Ke2 Bf4 86. Bh1 Kc3 87. Bxe4 Kxb3 88. Bc6 h1=Q 89. Bxh1 Kxa4 90. Kd1 Kb3 91.
Bd5+ Kc3 92. Bc6 Kb4 93. Kc2 a4 94. Kb1 Kb3 95. Bd5+ Kc3 1/2-1/2